00390nam a2200121Ia 4500008004100000020002200041100002500063245008500088250001200173260004200185300002700227650001400254200922s9999 xx 000 0 und d a978-621-409-123-2 aBuenaflor, Lionel E. cLionel E. BuenafloraThe Art of critical thinking:blogic for filipino students/ a4th ed. aManila:bBooks Atbp. Publishingc2019 axiv, 309 pagesc22 cm. aReasoning